000 00516nam a2200193Ia 4500
005 20250326144912.0
008 250326s9999 xx 000 0 und d
020 _a0-446-52838-2
037 _aTextbook
040 _aFMSL
_beng
_cFMSL
041 _aeng
_2eng
084 _aX:87y7 P1
_qFMSL
100 _aWelch Jack
245 0 _aStraight from the cut
_cWelch Jack
260 _aN.Y
_bN.Y, Warner business books
_c2001
300 _axvi,479
942 _cTB
_hX:87y7 P1
999 _c1305538
_d1305538